| 000 | 00697cam a22002413a 4500 | ||
|---|---|---|---|
| 001 | 31732 | ||
| 003 | PGUSA | ||
| 005 | 20140828083703.0 | ||
| 008 | 100322s2010||||xxu|||||s|||||000 | eng d | ||
| 040 |
_aPGUSA _beng |
||
| 042 | _adc | ||
| 050 | 4 | _aHQ | |
| 100 | 1 |
_aDennett, Mary Ware, _d1872-1947 |
|
| 245 | 1 | 4 |
_aThe Sex Side of Life : _bAn Explanation for Young People _h[electronic resource] / _cMary Ware Dennett |
| 260 |
_bProject Gutenberg, _c2010 |
||
| 506 | _aPublic domain in the USA. | ||
| 516 | _aElectronic text | ||
| 653 | _aSex instruction for children | ||
| 653 | _aSex | ||
| 830 | 0 |
_aProject Gutenberg _v31732 |
|
| 856 | 4 | 0 | _uhttp://www.gutenberg.org/ebooks/31732 |
| 942 | _cEB | ||
| 999 |
_c260987 _d260987 |
||